000 02199cam a22005174i 4500
003 PE-LiUPU
005 20250731180111.0
008 150623s1999 pe a r 000 0 sp d
035 _a(Sirsi) a23677
040 _aPE-LiUPU
_bspa
_cPE-LiUPU
_erda
082 0 4 _a530.76
_bR44
_221
100 1 _aResnick, Robert,
_eautor.
245 1 0 _aSolucionario de Fisica II /
_cRobert Resnick.
264 1 _aLima :
_bsan Marcos,
_c1999.
300 _a406 páginas :
_bilustraciones, gráficos ;
_c22 cm.
336 _atext
_2rdacontent
337 _aunmediated
_2rdamedia
338 _avolume
_2rdacarrier
505 0 _aCarga y materia. -El campo electrico. -Ley de Gauss. -Potecial electrico. -Condensadores y dielectricos. -Corriente y resistencia. -Fuerza electromotriz y circuitos. -El campo magnetico. -Ley de ampere. -ley de Faraday. -Inductancia. -Propiedades magneticas de la materia. -Oscilaciones electromagnéticas. -Ondas electromagnéticas. -Naturaleza y propagación de la luz. -Reflexión y refracción.
526 _aSEG44
526 _aSEG26
526 _aP159
526 _aP155
526 _aP154
526 _aP153
526 _aP150
526 _aP100
526 _aP31
526 _aP30
526 _aP26
526 _aP25
526 _aP24
526 _aP22
526 _aP15
526 _aP10
650 0 4 _aFísica.
700 1 _aHalliday, David,
_eautor.
942 _2ddc
_cBOOK
949 _a530.76 R44
_wDEWEY
_c1
_i48955
_lCCODEBUL1
_mBUL
_p00.00
_r0
_sY
_tBOOK
_u2015-06-24
_xINGENIERIA
_zUNKNOWN
_0COMPRA
_o.STAFF. Colección General
949 _a530.76 R44
_wDEWEY
_c2
_i47909
_lCCODEBUL1
_mBUL
_p00.00
_r0
_sY
_tBOOK
_u2015-06-24
_xINGENIERIA
_zUNKNOWN
_0COMPRA
_o.STAFF. Colección Ingeniería y Arquitectura
596 _a1
999 _a530.76 R44
_wDEWEY
_c24381
_i48955
_f2021-11-5
_g8
_lCCODEBUL1
_mBUL
_r0
_sN
_tBOOK
_u2015-6-24
_xBIBLIOTECA
_zUNKNOWN
_0COMPRA
_o.STAFF. Colección General
_d24381
999 _a530.76 R44
_wDEWEY
_c2
_i47909
_f2021-11-5
_g7
_lCCODEBUL1
_mBUL
_p30.00
_r0
_sN
_tBOOK
_u2015-6-24
_xBIBLIOTECA
_zUNKNOWN
_0COMPRA
_o.STAFF. Colección GeneralColección Ingeniería y Arquitectura
980 _81
_gALBERTO SANCHEZ Responsable de Automatización